Statistics for ♫ "Touchy Feely Fool" - Lyrics - AJR ♫

Click here to take the quiz!

General Stats

  • This quiz has been taken 40 times
  • The average score is 276 of 323

Answer Stats

Answer% Correct
a
100%
I
100%
(I
100%
to
100%
be
96%
feel
96%
i'm
96%
I'm
96%
not
96%
you
96%
You
96%
about
92%
anything
92%
but
92%
But,
92%
But
92%
can
92%
give
92%
lot
92%
of
92%
shit
92%
shit,
92%
too?
92%
too
92%
would
92%
do
88%
do?
88%
do,
88%
do)
88%
feely
88%
fool
88%
off
88%
this
88%
touchy
88%
Well,
88%
what
88%
when
88%
won't
88%
can't
84%
hey,
84%
knock
84%
Now
84%
now
84%
on
84%
screwed
84%
so
84%
that
84%
wanna
84%
wood
84%
ago?
80%
funny?
80%
funny
80%
is
80%
Life
80%
long
80%
pretty
80%
someday
80%
someday,
80%
Someday,
80%
superstitous
80%
want
80%
back
76%
breath
76%
crawl
76%
feeling
76%
get
76%
guts
76%
how
76%
I'll
76%
it
76%
laugh
76%
loud
76%
me
76%
Prayin'
76%
sorry
76%
Sorry
76%
talk
76%
tell
76%
the
76%
up
76%
wake
76%
wish
76%
cruel
72%
dead
72%
hell
72%
if
72%
mad?
72%
mine
72%
my
72%
see
72%
your
72%
alone
68%
And
68%
even
68%
For
68%
jerk,
68%
know
68%
lawyers
68%
lose
68%
never
68%
scream
68%
there
68%
tomorrow
68%
Why
68%
better
64%
claustrophobic
64%
feelin'
64%
sometimes
64%
stick,
64%
stone
64%
bliss
60%
could
60%
Could
60%
like
60%
Man,
60%
Maybe
60%
older
60%
stress
60%
ya
60%
or
56%
ruthless?
52%
teach
52%
at
48%
least
48%
much,
48%
unfeeling
48%

Score Distribution

Percentile by Number Answered

Percent of People with Each Score

Your Score History

You have not taken this quiz